000 00776nam a2200229Ia 4500
003 GCL
008 140319s9999 xx 000 0 ara d
040 _aGCL /
_cGCL
082 0 4 _a778.53
_bه ا
100 1 _aهويلر، ليزلى ج
245 1 0 _aاسس صناعة السينما: دليل للتكنولوجيا السينمائية /
_cهويلر، ليزلى ج
700 1 _aسعد عبدالرحمن قلج
700 1 _aوديد محمد سرى
700 1 _aنصرى عبدالنور
300 _a363 ص
490 _aالمكتبة العربية
_v0
650 0 4 _aالسينما
650 0 4 _aالتصوير السينمائى
650 0 4 _aالافلام - تحميض وطبع
650 0 4 _aالتصوير - تحميض وطبع
942 _2ddc
_cBK
999 _c49928
_d49928